| 000 | 00951nac a22002171u 4500 | ||
|---|---|---|---|
| 010 | _a 94044820 | ||
| 020 | _a0070586136 | ||
| 082 | 0 | 0 |
_a621.382/23 _bH87374 |
| 090 |
_c115 _d115 |
||
| 100 | _aHsu, Hwei P. | ||
| 245 | 1 | 0 |
_aSchaum's outline of theory and problems of signals and systems / _cHwei P. Hsu. |
| 260 |
_aNew Delhi : _bTata McGraw-Hill, _cc2004. |
||
| 300 |
_aix, 466 p. : _bill. ; _c27 cm. |
||
| 490 | 0 | _aSchuam's outline series | |
| 500 | _aIncludes index. | ||
| 650 | 0 |
_aSignal theory (Telecommunication) _xProblems, exercises, etc. |
|
| 856 | 4 | 1 |
_3Table of contents _uhttp://www.loc.gov/catdir/toc/mh031/94044820.html |
| 856 | 4 | 1 |
_3Publisher description _uhttp://www.loc.gov/catdir/description/mh021/94044820.html |
| 942 |
_cBB _k621.38223H87374 |
||
| 999 |
_c115 _d115 |
||